Reason, morality, and beauty (Record no. 3180)

MARC details
000 -LEADER
fixed length control field 00650 a2200193 4500
010 ## - LIBRARY OF CONGRESS CONTROL NUMBER
LC control number ENG-85633
020 ## - INTERNATIONAL STANDARD BOOK NUMBER
International Standard Book Number 019568393
Terms of availability 495.00
035 ## - SYSTEM CONTROL NUMBER
System control number EN-69166
037 ## - SOURCE OF ACQUISITION
Source of stock number/acquisition D.B.Act / Pub
082 14 - DEWEY DECIMAL CLASSIFICATION NUMBER
Classification number 181.4
090 ## - LOCALLY ASSIGNED LC-TYPE CALL NUMBER (OCLC); LOCAL CALL NUMBER (OCLC)
-- 3242
-- 3242
245 1# - TITLE STATEMENT
Title Reason, morality, and beauty
Remainder of title essays on the philosophy of Immanuel Kant
Statement of responsibility, etc edited by Bindu Puri and Heiko Sievers.
260 ## - PUBLICATION, DISTRIBUTION, ETC. (IMPRINT)
Place of publication, distribution, etc New Delhi
Name of publisher, distributor, etc Oxford University Press,
Date of publication, distribution, etc 2007.
300 ## - PHYSICAL DESCRIPTION
Extent xxi, 191 p. ;
Dimensions 23 cm.
700 1# - ADDED ENTRY--PERSONAL NAME
Personal name Puri, Bindu.
700 1# - ADDED ENTRY--PERSONAL NAME
Personal name Sievers, Heiko,
Dates associated with a name 1952-
942 ## - ADDED ENTRY ELEMENTS (KOHA)
Institution code [OBSOLETE] dpl
Koha item type English Books
Call number prefix 181.4 / REA
Holdings
Withdrawn status Lost status Source of classification or shelving scheme Damaged status Not for loan Collection code Home library Current library Source of acquisition Cost, normal purchase price Total Checkouts Full call number Barcode Date last seen Copy number Uniform Resource Identifier Cost, replacement price Price effective from Koha item type
    Dewey Decimal Classification   Not For Loan Non-fiction D.B.Act.Division D.B.Act.Division DBAD/PUB 495.00   181.4 EN-69166 15/09/2008 1 3384 495.00 15/09/2008 English Books

© Delhi Public Library
Hit Counter
free hit counter